| 000 | 00407cam a2200157ua 4500 | ||
|---|---|---|---|
| 041 |
_aeng _h |
||
| 082 |
_a823.308 _bSTE/TR |
||
| 100 | _aStevenson, Robet Louis. | ||
| 245 |
_aTreasure Island: new Arabian nights / _cR L Stevenson. _hTextual Documents |
||
| 250 |
_a1 / _b. |
||
| 260 |
_aLondon : _bJ M Dent and Sons Ltd , _c1962. |
||
| 300 | _a392 ; . | ||
| 504 | _a | ||
| 942 | _cBK | ||
| 999 |
_c8716 _d8716 |
||